Statistics for NFL Football Teams

Click here to take the quiz!

General Stats

  • This quiz has been taken 1,352 times
  • The average score is 31 of 32

Answer Stats

HintAnswer% Correct
New yorkGiants
99%
MiamiDolphins
98%
New yorkJets
98%
PittsburghSteelers
98%
San Francisco49ers
97%
ChicagoBears
97%
Kansas CityChiefs
97%
DallasCowboys
97%
PhiladelphiaEagles
97%
Green BayPackers
97%
SeattleSeahawks
97%
DenverBroncos
96%
DetroitLions
96%
New EnglandPatriot
96%
OaklandRaiders
96%
BaltimoreRavens
96%
MinnesotaVikings
96%
BuffaloBills
95%
ClevelandBrowns
95%
ArizonaCardinals
95%
CarolinaPanthers
95%
New OrleansSaints
95%
HoustonTexans
95%
IndianapolisColts
94%
AtlantaFalcons
94%
St . LouisRams
94%
WashingtonRedskins
94%
TennesseeTitans
94%
CinncinatiBengals
93%
San DiegoChargers
93%
JacksonvilleJaguars
93%
Tampa BayBuccaneers
91%

Score Distribution

Percentile by Number Answered

Percent of People with Each Score

Your Score History

You have not taken this quiz